Sok szemszögből a kultúráról irányzatok a kultúra elméletében és filozófiájában
Elmentve itt :
| Szerző: | |
|---|---|
| Adatforrás: | Philobibl |
| Dokumentumtípus: | Könyv |
| Nyelv: | magyar |
| Kulcsszavak: | kultúra |
| Megjelent: |
Budapest
Trefort
2005
|
| LEADER | 00377nam a2200121 c 4500 | ||
|---|---|---|---|
| 001 | bibPHI0029722 | ||
| 005 | 20200924122558.4 | ||
| 008 | 070205s2005 xx hun | ||
| 100 | 1 | |a Maróti Andor | |
| 245 | 1 | 0 | |a Sok szemszögből a kultúráról |b irányzatok a kultúra elméletében és filozófiájában |c Maróti Andor |
| 260 | |a Budapest |b Trefort |c 2005 | ||
| 300 | |a 209 p. | ||
| 695 | |a kultúra | ||